000 00361nam a2200145Ia 4500
008 230711s9999||||xx |||||||||||||| ||und||
041 _aENG
082 _a628.1
_bDA-W
100 _aDandekar,M.M
245 0 _aWater power engineering
250 _a1st Ed.
260 _c1991
_aNew Delhi
_bVikas Publishing House Pvt Ltd.
650 _aCivil Engineering
942 _cBK
999 _c84
_d84